[Event "European Online Club-ch-E 2021"]
[Site "Online"]
[Date "2021.03.27"]
[Round "8.1"]
[White "Coursaget, Nicolas"]
[Black "Ozturk Orenli, Kubra"]
[Result "0-1"]
[WhiteElo "2192"]
[BlackElo "2330"]
[Annotator "NA"]
[PlyCount "70"]
[EventDate "2021.03.27"]
[EventType "team-tourn"]
[EventCountry "NET"]
[SourceTitle "playchess.com"]
[Source "ChessBase"]
[SourceQuality "1"]
[TimeControl "900+5"]

1. d4 {[%emt 0:00:00]} Nf6 {[%emt 0:00:08]} 2. Nf3 {[%emt 0:00:03]} e6 {[%emt 0:00:02]} 3. c4 {[%emt 0:00:02]} d5 {[%emt 0:00:02]} 4. Nc3 {[%emt 0:00:04]} Be7 {[%emt 0:00:05]} 5. Bg5 {[%emt 0:00:08]} Nbd7 {[%emt 0:00:25]} 6. e3 {[%emt 0:00:04]} h6 {[%emt 0:00:02]} 7. Bh4 {[%emt 0:00:03]} O-O {[%emt 0:00:12]} 8. Rc1 {[%emt 0:00:03]} c5 {[%emt 0:00:03]} 9. cxd5 {[%emt 0:00:06]} Nxd5 {[%emt 0:00:07]} 10. Bxe7 {[%emt 0:00:10]} Qxe7 {[%emt 0:00:03]} 11. Nxd5 {[%emt 0:00:03]} exd5 {[%emt 0:00:01]} 12. Be2 {[%emt 0:00:02]} b6 {[%emt 0:00:28]} 13. O-O {[%emt 0:00:04]} Bb7 {[%emt 0:00:21]} 14. Qa4 {[%emt 0:00:25]} Rfc8 {[%emt 0:01:28]} 15. Ba6 {[%emt 0:00:43]} Nf6 {[%emt 0:00:22]} 16. Qa3 {[%emt 0:01:15]} Ne4 {[%emt 0:00:13]} 17. Rfd1 {[%emt 0:00:19]} Rd8 {[%emt 0:00:52]} 18. b3 {[%emt 0:03:31]} Rac8 {[%emt 0:00:19]} 19. Bd3 {[%emt 0:00:36]} a6 {[%emt 0:00:58]} 20. Qb2 {[%emt 0:00:14]} Qf6 {[%emt 0:01:24]} 21. Qe2 {[%emt 0:01:56]} b5 {[%emt 0:00:19]} 22. Bb1 {[%emt 0:01:06]} c4 {[%emt 0:02:10]} 23. Bxe4 {[%emt 0:00:09]} dxe4 {[%emt 0:00:02]} 24. Ne5 {[%emt 0:00:11]} cxb3 {[%emt 0:00:04]} 25. axb3 {[%emt 0:00:33]} Qe6 {[%emt 0:00:04]} 26. Qb2 {[%emt 0:00:55]} Kh7 {[%emt 0:01:06]} 27. h3 {[%emt 0:00:44]} Bd5 {[%emt 0:00:48]} 28. b4 {[%emt 0:00:23]} h5 {[%emt 0:00:26]} 29. Qb1 {[%emt 0:01:18]} g6 {[%emt 0:00:24]} 30. Rxc8 {[%emt 0:00:40]} Rxc8 {[%emt 0:00:04]} 31. Rc1 {[%emt 0:00:28]} f6 {[%emt 0:00:14]} 32. Rxc8 {[%emt 0:01:04]} Qxc8 {[%emt 0:00:03]} 33. f4 {[%emt 0:00:17]} fxe5 {[%emt 0:00:07]} 34. fxe5 {[%emt 0:00:02]} Qc3 {[%emt 0:00:07]} 35. Kf2 {[%emt 0:00:04]} Qd2+ {[%emt 0:00:02]} 0-1

[Event "European Online Club-ch-E 2021"]
[Site "Online"]
[Date "2021.03.27"]
[Round "8.2"]
[White "Caglar, Sila"]
[Black "Lejeune, Gael"]
[Result "1-0"]
[WhiteElo "2250"]
[BlackElo "2070"]
[Annotator "NA"]
[PlyCount "79"]
[EventDate "2021.03.27"]
[EventType "team-tourn"]
[EventCountry "NET"]
[SourceTitle "playchess.com"]
[Source "ChessBase"]
[SourceQuality "1"]
[TimeControl "900+5"]

1. e4 {[%emt 0:00:00]} d5 {[%emt 0:00:28]} 2. exd5 {[%emt 0:00:27]} Qxd5 {[%emt 0:00:00]} 3. Nc3 {[%emt 0:00:07]} Qd8 {[%emt 0:00:02]} 4. d4 {[%emt 0:00:03]} Nf6 {[%emt 0:00:02]} 5. Nf3 {[%emt 0:00:09]} Bg4 {[%emt 0:00:03]} 6. h3 {[%emt 0:00:13]} Bh5 {[%emt 0:00:03]} 7. Be2 {[%emt 0:00:51]} e6 {[%emt 0:00:05]} 8. O-O {[%emt 0:00:04]} c6 {[%emt 0:00:04]} 9. Bg5 {[%emt 0:00:09]} Be7 {[%emt 0:00:09]} 10. Re1 {[%emt 0:00:02]} O-O {[%emt 0:00:04]} 11. Qd2 {[%emt 0:00:19]} Nbd7 {[%emt 0:00:05]} 12. Rad1 {[%emt 0:00:14]} Re8 {[%emt 0:00:16]} 13. Ne5 {[%emt 0:00:31]} Nxe5 {[%emt 0:00:21]} 14. dxe5 {[%emt 0:00:17]} Qxd2 {[%emt 0:00:00]} 15. Rxd2 {[%emt 0:00:04]} Bxe2 {[%emt 0:00:03]} 16. Rdxe2 {[%emt 0:00:51]} Nd5 {[%emt 0:00:10]} 17. Bxe7 {[%emt 0:00:06]} Rxe7 {[%emt 0:00:00]} 18. Ne4 {[%emt 0:00:03]} b5 {[%emt 0:02:53]} 19. Nd6 {[%emt 0:00:44]} a5 {[%emt 0:00:26]} 20. g3 {[%emt 0:00:15]} g5 {[%emt 0:00:07]} 21. Rc1 {[%emt 0:00:36]} b4 {[%emt 0:00:20]} 22. c4 {[%emt 0:00:21]} bxc3 {[%emt 0:00:02]} 23. bxc3 {[%emt 0:00:04]} Rb8 {[%emt 0:00:04]} 24. Kg2 {[%emt 0:00:26]} h6 {[%emt 0:00:07]} 25. c4 {[%emt 0:00:11]} Nb4 {[%emt 0:00:18]} 26. Rc3 {[%emt 0:00:06]} c5 {[%emt 0:01:03]} 27. f4 {[%emt 0:00:13]} gxf4 {[%emt 0:00:29]} 28. gxf4 {[%emt 0:00:02]} Nc6 {[%emt 0:00:21]} 29. Ne4 {[%emt 0:00:22]} Nd4 {[%emt 0:00:47]} 30. Rd2 {[%emt 0:00:20]} Rc7 {[%emt 0:00:08]} 31. Ra3 {[%emt 0:00:17]} Rb4 {[%emt 0:00:22]} 32. Rxa5 {[%emt 0:00:27]} f5 {[%emt 0:02:01]} 33. exf6 {[%emt 0:00:31]} Rxc4 {[%emt 0:00:13]} 34. Ra8+ {[%emt 0:00:13]} Kh7 {[%emt 0:00:05]} 35. Nd6 {[%emt 0:00:12]} Kg6 {[%emt 0:04:57]} 36. Nxc4 {[%emt 0:00:19]} Kxf6 {[%emt 0:00:02]} 37. a4 {[%emt 0:00:14]} Kf5 {[%emt 0:00:05]} 38. Rg8 {[%emt 0:00:58]} Kxf4 {[%emt 0:00:11]} 39. Rg4+ {[%emt 0:00:20]} Kf5 {[%emt 0:00:02]} 40. Rf2+ {[%emt 0:00:03]} 1-0

[Event "European Online Club-ch-E 2021"]
[Site "Online"]
[Date "2021.03.27"]
[Round "8.3"]
[White "Thereze, Ludovic"]
[Black "Kocyigit, Buse Naz"]
[Result "0-1"]
[WhiteElo "2007"]
[BlackElo "2143"]
[Annotator "NA"]
[PlyCount "114"]
[EventDate "2021.03.27"]
[EventType "team-tourn"]
[EventCountry "NET"]
[SourceTitle "playchess.com"]
[Source "ChessBase"]
[SourceQuality "1"]
[TimeControl "900+5"]

1. d4 {[%emt 0:00:00]} Nf6 {[%emt 0:00:04]} 2. c4 {[%emt 0:00:03]} g6 {[%emt 0:00:01]} 3. Nc3 {[%emt 0:00:08]} Bg7 {[%emt 0:00:02]} 4. Nf3 {[%emt 0:00:02]} O-O {[%emt 0:00:02]} 5. Bg5 {[%emt 0:00:03]} d5 {[%emt 0:00:18]} 6. cxd5 {[%emt 0:01:10]} Nxd5 {[%emt 0:00:34]} 7. e4 {[%emt 0:00:03]} Nxc3 {[%emt 0:00:42]} 8. bxc3 {[%emt 0:00:03]} c5 {[%emt 0:00:14]} 9. Be2 {[%emt 0:00:36]} Nc6 {[%emt 0:01:59]} 10. O-O {[%emt 0:01:50]} cxd4 {[%emt 0:01:20]} 11. cxd4 {[%emt 0:00:07]} Nxd4 {[%emt 0:01:55]} 12. Nxd4 {[%emt 0:00:04]} Bxd4 {[%emt 0:00:34]} 13. Rb1 {[%emt 0:01:15]} Qd6 {[%emt 0:02:00]} 14. Kh1 {[%emt 0:00:42]} Rd8 {[%emt 0:00:56]} 15. f4 {[%emt 0:01:45]} b6 {[%emt 0:00:50]} 16. e5 {[%emt 0:01:13]} Qc7 {[%emt 0:01:03]} 17. Qb3 {[%emt 0:00:36]} Be6 {[%emt 0:00:22]} 18. Qa4 {[%emt 0:01:22]} Rac8 {[%emt 0:00:44]} 19. Rfd1 {[%emt 0:01:05]} Bc5 {[%emt 0:00:50]} 20. Bf3 {[%emt 0:00:41]} Kg7 {[%emt 0:00:31]} 21. h3 {[%emt 0:01:34]} Rxd1+ {[%emt 0:00:13]} 22. Rxd1 {[%emt 0:00:03]} Rd8 {[%emt 0:00:31]} 23. Rxd8 {[%emt 0:00:23]} Qxd8 {[%emt 0:00:02]} 24. Kh2 {[%emt 0:01:04]} Qd4 {[%emt 0:00:32]} 25. Qxd4 {[%emt 0:00:21]} Bxd4 {[%emt 0:00:03]} 26. Bxe7 {[%emt 0:00:02]} Bxa2 {[%emt 0:00:04]} 27. g4 {[%emt 0:00:18]} b5 {[%emt 0:00:25]} 28. Bc6 {[%emt 0:00:06]} Bc4 {[%emt 0:00:10]} 29. Bd6 {[%emt 0:00:09]} a5 {[%emt 0:00:07]} 30. f5 {[%emt 0:00:02]} gxf5 {[%emt 0:00:10]} 31. gxf5 {[%emt 0:00:01]} b4 {[%emt 0:00:03]} 32. f6+ {[%emt 0:00:29]} Kg8 {[%emt 0:00:05]} 33. Be4 {[%emt 0:00:02]} b3 {[%emt 0:00:03]} 34. Kg3 {[%emt 0:00:06]} b2 {[%emt 0:00:10]} 35. Bb1 {[%emt 0:00:03]} a4 {[%emt 0:00:06]} 36. Kf4 {[%emt 0:00:02]} Bf2 {[%emt 0:00:05]} 37. Ke4 {[%emt 0:00:07]} Be6 {[%emt 0:00:04]} 38. Ba3 {[%emt 0:00:04]} Bxh3 {[%emt 0:00:04]} 39. Bxb2 {[%emt 0:00:03]} Be6 {[%emt 0:00:01]} 40. Ba3 {[%emt 0:00:18]} h5 {[%emt 0:00:07]} 41. Bd3 {[%emt 0:00:07]} h4 {[%emt 0:00:04]} 42. Kf4 {[%emt 0:00:05]} h3 {[%emt 0:00:06]} 43. Be4 {[%emt 0:00:05]} Bd4 {[%emt 0:00:07]} 44. Bd6 {[%emt 0:00:13]} Bb2 {[%emt 0:00:04]} 45. Kg3 {[%emt 0:00:04]} a3 {[%emt 0:00:02]} 46. Bb1 {[%emt 0:00:05]} a2 {[%emt 0:00:11]} 47. Bxa2 {[%emt 0:00:02]} Bxa2 {[%emt 0:00:02]} 48. Kxh3 {[%emt 0:00:02]} Kh7 {[%emt 0:00:01]} 49. Kg4 {[%emt 0:00:02]} Kg6 {[%emt 0:00:02]} 50. Kf4 {[%emt 0:00:01]} Bb1 {[%emt 0:00:11]} 51. Bc5 {[%emt 0:00:13]} Bc1+ {[%emt 0:00:03]} 52. Kg4 {[%emt 0:00:05]} Bc2 {[%emt 0:00:06]} 53. Bd6 {[%emt 0:00:07]} Bd1+ {[%emt 0:00:06]} 54. Kg3 {[%emt 0:00:07]} Kf5 {[%emt 0:00:03]} 55. Kf2 {[%emt 0:00:04]} Bb3 {[%emt 0:00:10]} 56. Kf3 {[%emt 0:00:05]} Bb2 {[%emt 0:00:03]} 57. Ke3 {[%emt 0:00:07]} Bxe5 {[%emt 0:00:03]} 0-1

[Event "European Online Club-ch-E 2021"]
[Site "Online"]
[Date "2021.03.27"]
[Round "8.4"]
[White "Anacoglu, Cisel"]
[Black "Marchadour, Emilie"]
[Result "1-0"]
[WhiteElo "1924"]
[BlackElo "2006"]
[Annotator "NA"]
[PlyCount "33"]
[EventDate "2021.03.27"]
[EventType "team-tourn"]
[EventCountry "NET"]
[SourceTitle "playchess.com"]
[Source "ChessBase"]
[SourceQuality "1"]
[TimeControl "900+5"]

1. e4 {[%emt 0:00:00]} c5 {[%emt 0:00:04]} 2. Nf3 {[%emt 0:00:04]} e6 {[%emt 0:00:02]} 3. d4 {[%emt 0:00:01]} cxd4 {[%emt 0:00:01]} 4. Nxd4 {[%emt 0:00:02]} Nc6 {[%emt 0:00:01]} 5. Nc3 {[%emt 0:00:01]} Qc7 {[%emt 0:00:02]} 6. g3 {[%emt 0:00:02]} a6 {[%emt 0:00:03]} 7. Bg2 {[%emt 0:00:02]} Nf6 {[%emt 0:00:18]} 8. O-O {[%emt 0:00:03]} Nxd4 {[%emt 0:00:07]} 9. Qxd4 {[%emt 0:00:02]} Bc5 {[%emt 0:00:01]} 10. Bf4 {[%emt 0:00:02]} d6 {[%emt 0:01:37]} 11. Qd2 {[%emt 0:00:03]} O-O {[%emt 0:00:05]} 12. Rad1 {[%emt 0:00:25]} e5 {[%emt 0:00:26]} 13. Bg5 {[%emt 0:00:06]} Be6 {[%emt 0:00:04]} 14. Bxf6 {[%emt 0:00:41]} gxf6 {[%emt 0:00:03]} 15. Qh6 {[%emt 0:00:04]} Qe7 {[%emt 0:00:19]} 16. Bh3 {[%emt 0:02:44]} Bxh3 {[%emt 0:01:05]} 17. Nd5 {[%emt 0:00:39]} 1-0

[Event "European Online Club-ch-E 2021"]
[Site "Online"]
[Date "2021.03.27"]
[Round "8.5"]
[White "Guseinov, Gadir"]
[Black "Pavlidis, Antonios"]
[Result "1/2-1/2"]
[WhiteElo "2665"]
[BlackElo "2536"]
[Annotator "ChessBase"]
[PlyCount "80"]
[EventDate "2021.03.27"]
[EventType "team-tourn"]
[EventCountry "NET"]
[SourceTitle "playchess.com"]
[Source "ChessBase"]
[SourceQuality "1"]
[TimeControl "900+5"]

1. e4 {[%emt 0:00:00]} e5 {[%emt 0:00:03]} 2. Nf3 {[%emt 0:00:03]} Nc6 {[%emt 0:00:01]} 3. Bb5 {[%emt 0:00:02]} a6 {[%emt 0:00:02]} 4. Bxc6 {[%emt 0:00:02]} dxc6 {[%emt 0:00:01]} 5. O-O {[%emt 0:00:02]} f6 {[%emt 0:00:02]} 6. d4 {[%emt 0:00:02]} exd4 {[%emt 0:00:01]} 7. Nxd4 {[%emt 0:00:02]} c5 {[%emt 0:00:02]} 8. Nb3 {[%emt 0:00:01]} Qxd1 {[%emt 0:00:02]} 9. Rxd1 {[%emt 0:00:02]} Be6 {[%emt 0:00:03]} 10. Bf4 {[%emt 0:00:11]} c4 {[%emt 0:00:03]} 11. Na5 {[%emt 0:00:35]} b6 {[%emt 0:00:03]} 12. Nc6 {[%emt 0:00:03]} Bd7 {[%emt 0:00:02]} 13. Nd4 {[%emt 0:00:05]} O-O-O {[%emt 0:00:01]} 14. Nc3 {[%emt 0:00:04]} Ne7 {[%emt 0:01:05]} 15. a3 {[%emt 0:00:09]} h5 {[%emt 0:00:10]} 16. Rd2 {[%emt 0:00:22]} Ng6 {[%emt 0:03:17]} 17. Be3 {[%emt 0:00:04]} Bd6 {[%emt 0:00:02]} 18. Rad1 {[%emt 0:00:20]} Kb7 {[%emt 0:00:50]} 19. f3 {[%emt 0:00:14]} Rde8 {[%emt 0:00:29]} 20. Nde2 {[%emt 0:00:08]} Bc6 {[%emt 0:00:29]} 21. Nd4 {[%emt 0:00:14]} Bd7 {[%emt 0:00:03]} 22. Nd5 {[%emt 0:00:46]} Ne7 {[%emt 0:00:05]} 23. Nxe7 {[%emt 0:02:04]} Rxe7 {[%emt 0:00:04]} 24. Ne2 {[%emt 0:00:01]} f5 {[%emt 0:01:43]} 25. Rxd6 {[%emt 0:00:16]} cxd6 {[%emt 0:00:11]} 26. Rxd6 {[%emt 0:00:02]} fxe4 {[%emt 0:00:30]} 27. Rxb6+ {[%emt 0:00:19]} Kc7 {[%emt 0:00:03]} 28. Nf4 {[%emt 0:00:19]} Bc6 {[%emt 0:00:49]} 29. Ng6 {[%emt 0:00:07]} Ree8 {[%emt 0:00:02]} 30. Nxh8 {[%emt 0:00:56]} exf3 {[%emt 0:00:21]} 31. Bf2 {[%emt 0:00:04]} Rxh8 {[%emt 0:00:32]} 32. gxf3 {[%emt 0:00:04]} Rb8 {[%emt 0:00:25]} 33. Rxb8 {[%emt 0:00:40]} Kxb8 {[%emt 0:00:03]} 34. Kg2 {[%emt 0:00:01]} g6 {[%emt 0:00:13]} 35. Kg3 {[%emt 0:00:05]} Ba4 {[%emt 0:00:07]} 36. c3 {[%emt 0:00:05]} Kb7 {[%emt 0:00:02]} 37. Kf4 {[%emt 0:00:02]} Kc6 {[%emt 0:00:02]} 38. Ke5 {[%emt 0:00:01]} Bc2 {[%emt 0:00:09]} 39. Kd4 {[%emt 0:00:02]} Kb5 {[%emt 0:00:02]} 40. h4 {[%emt 0:00:17]} a5 {[%emt 0:00:03]} 1/2-1/2

[Event "European Online Club-ch-E 2021"]
[Site "Online"]
[Date "2021.03.27"]
[Round "8.6"]
[White "Kanakaris, Georgios"]
[Black "Abasov, Nijat"]
[Result "0-1"]
[WhiteElo "2400"]
[BlackElo "2664"]
[Annotator "ChessBase"]
[PlyCount "76"]
[EventDate "2021.03.27"]
[EventType "team-tourn"]
[EventCountry "NET"]
[SourceTitle "playchess.com"]
[Source "ChessBase"]
[SourceQuality "1"]
[TimeControl "900+5"]

1. e4 {[%emt 0:00:00]} c5 {[%emt 0:00:02]} 2. b4 {[%emt 0:00:02]} b6 {[%emt 0:00:11]} 3. bxc5 {[%emt 0:00:19]} bxc5 {[%emt 0:00:00]} 4. Nc3 {[%emt 0:00:02]} Nc6 {[%emt 0:00:06]} 5. Nf3 {[%emt 0:00:03]} g6 {[%emt 0:00:18]} 6. Bc4 {[%emt 0:02:34]} Bg7 {[%emt 0:00:22]} 7. Rb1 {[%emt 0:00:20]} Nh6 {[%emt 0:01:36]} 8. O-O {[%emt 0:01:27]} O-O {[%emt 0:00:04]} 9. Bd5 {[%emt 0:00:35]} Ba6 {[%emt 0:00:22]} 10. Bxc6 {[%emt 0:00:27]} dxc6 {[%emt 0:00:00]} 11. Re1 {[%emt 0:00:02]} Ng4 {[%emt 0:00:14]} 12. h3 {[%emt 0:02:53]} Ne5 {[%emt 0:00:06]} 13. Nxe5 {[%emt 0:00:15]} Bxe5 {[%emt 0:00:00]} 14. Bb2 {[%emt 0:00:38]} Qa5 {[%emt 0:00:31]} 15. Ba1 {[%emt 0:00:22]} Rfd8 {[%emt 0:00:41]} 16. Qc1 {[%emt 0:00:51]} Bd4 {[%emt 0:00:28]} 17. e5 {[%emt 0:01:32]} Bc4 {[%emt 0:00:02]} 18. Ne4 {[%emt 0:00:16]} Rab8 {[%emt 0:02:10]} 19. Rxb8 {[%emt 0:00:27]} Rxb8 {[%emt 0:00:00]} 20. Bxd4 {[%emt 0:00:17]} cxd4 {[%emt 0:00:00]} 21. d3 {[%emt 0:00:02]} Bxa2 {[%emt 0:00:06]} 22. Qa1 {[%emt 0:00:13]} Qxe1+ {[%emt 0:00:16]} 23. Qxe1 {[%emt 0:00:00]} Rb1 {[%emt 0:00:02]} 24. Kf1 {[%emt 0:00:11]} Rxe1+ {[%emt 0:00:20]} 25. Kxe1 {[%emt 0:00:00]} Bd5 {[%emt 0:00:01]} 26. Nc5 {[%emt 0:00:07]} Bxg2 {[%emt 0:00:05]} 27. Nb3 {[%emt 0:00:03]} Bxh3 {[%emt 0:00:14]} 28. Nxd4 {[%emt 0:00:02]} Bd7 {[%emt 0:00:17]} 29. Nb3 {[%emt 0:00:05]} h5 {[%emt 0:00:12]} 30. f4 {[%emt 0:00:03]} f6 {[%emt 0:00:11]} 31. exf6 {[%emt 0:00:04]} exf6 {[%emt 0:00:00]} 32. Nc5 {[%emt 0:00:06]} Bf5 {[%emt 0:00:06]} 33. Na6 {[%emt 0:00:07]} Kf7 {[%emt 0:01:07]} 34. Nb8 {[%emt 0:00:02]} c5 {[%emt 0:00:04]} 35. Na6 {[%emt 0:00:12]} c4 {[%emt 0:00:01]} 36. dxc4 {[%emt 0:00:00]} Bxc2 {[%emt 0:00:01]} 37. c5 {[%emt 0:00:01]} Be4 {[%emt 0:00:04]} 38. Nc7 {[%emt 0:00:07]} Bc6 {[%emt 0:00:05]} 0-1

[Event "European Online Club-ch-E 2021"]
[Site "Online"]
[Date "2021.03.27"]
[Round "8.7"]
[White "Durarbayli, Vasif"]
[Black "Koutlas, Nikolaos"]
[Result "1/2-1/2"]
[WhiteElo "2606"]
[BlackElo "2078"]
[Annotator "ChessBase"]
[PlyCount "80"]
[EventDate "2021.03.27"]
[EventType "team-tourn"]
[EventCountry "NET"]
[SourceTitle "playchess.com"]
[Source "ChessBase"]
[SourceQuality "1"]
[TimeControl "900+5"]

1. e4 {[%emt 0:00:00]} c5 {[%emt 0:00:03]} 2. Nf3 {[%emt 0:00:05]} Nc6 {[%emt 0:00:03]} 3. d4 {[%emt 0:00:09]} cxd4 {[%emt 0:00:02]} 4. Nxd4 {[%emt 0:00:02]} e5 {[%emt 0:00:01]} 5. Nb5 {[%emt 0:00:02]} d6 {[%emt 0:00:02]} 6. N1c3 {[%emt 0:00:03]} a6 {[%emt 0:00:04]} 7. Na3 {[%emt 0:00:01]} Be6 {[%emt 0:00:01]} 8. Nc4 {[%emt 0:00:18]} b5 {[%emt 0:00:03]} 9. Ne3 {[%emt 0:00:03]} Nf6 {[%emt 0:00:02]} 10. Bd3 {[%emt 0:00:09]} g6 {[%emt 0:00:25]} 11. a4 {[%emt 0:00:31]} b4 {[%emt 0:00:14]} 12. Ncd5 {[%emt 0:00:02]} Bg7 {[%emt 0:00:02]} 13. Nxf6+ {[%emt 0:00:25]} Bxf6 {[%emt 0:00:35]} 14. Bc4 {[%emt 0:00:37]} O-O {[%emt 0:01:09]} 15. Qd3 {[%emt 0:00:25]} Nd4 {[%emt 0:00:56]} 16. O-O {[%emt 0:00:40]} Bxc4 {[%emt 0:01:45]} 17. Nxc4 {[%emt 0:00:10]} Rc8 {[%emt 0:01:32]} 18. b3 {[%emt 0:02:19]} d5 {[%emt 0:00:41]} 19. exd5 {[%emt 0:00:03]} e4 {[%emt 0:00:04]} 20. Qxe4 {[%emt 0:02:31]} Re8 {[%emt 0:00:27]} 21. Qd3 {[%emt 0:00:04]} Ne2+ {[%emt 0:00:08]} 22. Kh1 {[%emt 0:00:01]} Bxa1 {[%emt 0:00:10]} 23. Be3 {[%emt 0:00:02]} Bd4 {[%emt 0:04:09]} 24. Qxe2 {[%emt 0:00:43]} Bxe3 {[%emt 0:00:03]} 25. fxe3 {[%emt 0:02:22]} Qxd5 {[%emt 0:00:07]} 26. Nb6 {[%emt 0:00:14]} Qe4 {[%emt 0:00:03]} 27. Nxc8 {[%emt 0:00:17]} Rxc8 {[%emt 0:00:00]} 28. Rf2 {[%emt 0:01:42]} Rc3 {[%emt 0:01:41]} 29. Qf3 {[%emt 0:02:06]} Qe6 {[%emt 0:00:57]} 30. h3 {[%emt 0:00:54]} Rxe3 {[%emt 0:00:09]} 31. Qf4 {[%emt 0:00:01]} a5 {[%emt 0:00:23]} 32. Kh2 {[%emt 0:00:05]} Qe5 {[%emt 0:00:31]} 33. Qxe5 {[%emt 0:00:02]} Rxe5 {[%emt 0:00:00]} 34. Rd2 {[%emt 0:00:01]} Rc5 {[%emt 0:00:06]} 35. Kg3 {[%emt 0:00:03]} Kg7 {[%emt 0:00:13]} 36. h4 {[%emt 0:00:03]} Kf6 {[%emt 0:00:06]} 37. Kf4 {[%emt 0:00:01]} h6 {[%emt 0:00:18]} 38. g4 {[%emt 0:00:03]} g5+ {[%emt 0:00:05]} 39. hxg5+ {[%emt 0:00:02]} hxg5+ {[%emt 0:00:00]} 40. Ke4 {[%emt 0:00:02]} Ke6 {[%emt 0:00:06]} 1/2-1/2

[Event "European Online Club-ch-E 2021"]
[Site "Online"]
[Date "2021.03.27"]
[Round "8.8"]
[White "Apostolakakis, Konstantinos"]
[Black "Safarli, Eltaj"]
[Result "0-1"]
[WhiteElo "2074"]
[BlackElo "2598"]
[Annotator "ChessBase"]
[PlyCount "66"]
[EventDate "2021.03.27"]
[EventType "team-tourn"]
[EventCountry "NET"]
[SourceTitle "playchess.com"]
[Source "ChessBase"]
[SourceQuality "1"]
[TimeControl "900+5"]

1. d4 {[%emt 0:00:00]} Nf6 {[%emt 0:00:04]} 2. Nf3 {[%emt 0:00:04]} g6 {[%emt 0:00:02]} 3. Bg5 {[%emt 0:00:03]} Bg7 {[%emt 0:00:02]} 4. c3 {[%emt 0:00:03]} O-O {[%emt 0:00:02]} 5. Nbd2 {[%emt 0:00:03]} d6 {[%emt 0:00:01]} 6. e4 {[%emt 0:00:04]} c5 {[%emt 0:00:01]} 7. dxc5 {[%emt 0:00:04]} dxc5 {[%emt 0:00:01]} 8. Be2 {[%emt 0:00:53]} Nc6 {[%emt 0:00:03]} 9. O-O {[%emt 0:00:15]} h6 {[%emt 0:00:01]} 10. Bh4 {[%emt 0:00:06]} Nh5 {[%emt 0:00:01]} 11. Re1 {[%emt 0:00:31]} Qc7 {[%emt 0:00:09]} 12. Qc2 {[%emt 0:00:06]} Bg4 {[%emt 0:00:18]} 13. a4 {[%emt 0:01:00]} b6 {[%emt 0:00:08]} 14. Nc4 {[%emt 0:00:32]} Nf4 {[%emt 0:00:11]} 15. Ne3 {[%emt 0:00:18]} Nxe2+ {[%emt 0:00:01]} 16. Qxe2 {[%emt 0:00:02]} Bxf3 {[%emt 0:01:10]} 17. Qxf3 {[%emt 0:00:04]} e6 {[%emt 0:00:09]} 18. Rad1 {[%emt 0:00:23]} Ne5 {[%emt 0:00:27]} 19. Qe2 {[%emt 0:00:12]} Qc6 {[%emt 0:00:46]} 20. Qc2 {[%emt 0:01:40]} c4 {[%emt 0:00:11]} 21. Re2 {[%emt 0:01:44]} Nd3 {[%emt 0:00:34]} 22. Bg3 {[%emt 0:03:27]} Rad8 {[%emt 0:03:26]} 23. Red2 {[%emt 0:00:33]} f5 {[%emt 0:00:51]} 24. exf5 {[%emt 0:01:24]} exf5 {[%emt 0:00:03]} 25. Nxc4 {[%emt 0:01:22]} Qxc4 {[%emt 0:00:04]} 26. Rxd3 {[%emt 0:00:04]} Rxd3 {[%emt 0:00:02]} 27. Rxd3 {[%emt 0:00:05]} f4 {[%emt 0:00:06]} 28. Bh4 {[%emt 0:00:42]} g5 {[%emt 0:00:15]} 29. Bxg5 {[%emt 0:00:46]} hxg5 {[%emt 0:00:04]} 30. Rh3 {[%emt 0:00:02]} Rd8 {[%emt 0:00:36]} 31. Qh7+ {[%emt 0:00:08]} Kf8 {[%emt 0:00:02]} 32. Qf5+ {[%emt 0:00:29]} Qf7 {[%emt 0:00:02]} 33. Qg4 {[%emt 0:00:09]} Qe6 {[%emt 0:00:14]} 0-1

[Event "European Online Club-ch-E 2021"]
[Site "Online"]
[Date "2021.03.27"]
[Round "8.9"]
[White "Oparin, Grigoriy"]
[Black "Dedebas, Emre Emin"]
[Result "1/2-1/2"]
[WhiteElo "2652"]
[BlackElo "2335"]
[Annotator "ChessBase"]
[PlyCount "60"]
[EventDate "2021.03.27"]
[EventType "team-tourn"]
[EventCountry "NET"]
[SourceTitle "playchess.com"]
[Source "ChessBase"]
[SourceQuality "1"]
[TimeControl "900+5"]

1. d4 {[%emt 0:00:00]} d5 {[%emt 0:00:06]} 2. c4 {[%emt 0:00:02]} dxc4 {[%emt 0:00:01]} 3. Nf3 {[%emt 0:00:02]} c5 {[%emt 0:00:01]} 4. e3 {[%emt 0:00:09]} cxd4 {[%emt 0:00:01]} 5. exd4 {[%emt 0:00:02]} Be6 {[%emt 0:00:03]} 6. Nc3 {[%emt 0:00:21]} Nf6 {[%emt 0:00:05]} 7. Bg5 {[%emt 0:00:32]} Nd5 {[%emt 0:00:22]} 8. Be2 {[%emt 0:00:53]} Nc6 {[%emt 0:01:07]} 9. O-O {[%emt 0:00:02]} h6 {[%emt 0:00:05]} 10. Bd2 {[%emt 0:00:13]} Nxc3 {[%emt 0:00:20]} 11. bxc3 {[%emt 0:00:16]} Bd5 {[%emt 0:00:12]} 12. Bf4 {[%emt 0:00:07]} e6 {[%emt 0:00:09]} 13. Nd2 {[%emt 0:00:03]} b5 {[%emt 0:03:49]} 14. a4 {[%emt 0:00:03]} a6 {[%emt 0:00:09]} 15. Qb1 {[%emt 0:00:11]} b4 {[%emt 0:01:10]} 16. Nxc4 {[%emt 0:04:43]} bxc3 {[%emt 0:01:45]} 17. Qd3 {[%emt 0:00:02]} Bb4 {[%emt 0:00:49]} 18. Ne3 {[%emt 0:00:13]} O-O {[%emt 0:00:32]} 19. a5 {[%emt 0:00:46]} Bxa5 {[%emt 0:02:27]} 20. Nxd5 {[%emt 0:00:19]} exd5 {[%emt 0:00:13]} 21. Ra4 {[%emt 0:00:18]} Qf6 {[%emt 0:01:16]} 22. Be5 {[%emt 0:00:17]} Qg6 {[%emt 0:00:10]} 23. Qf3 {[%emt 0:00:10]} Rfd8 {[%emt 0:00:53]} 24. Bd3 {[%emt 0:00:08]} Qe6 {[%emt 0:00:03]} 25. Bc2 {[%emt 0:00:48]} Bb6 {[%emt 0:00:17]} 26. Rb1 {[%emt 0:01:33]} Nxe5 {[%emt 0:00:14]} 27. dxe5 {[%emt 0:00:02]} Bc5 {[%emt 0:00:24]} 28. Qxc3 {[%emt 0:00:11]} Rac8 {[%emt 0:00:04]} 29. Qd3 {[%emt 0:00:05]} g6 {[%emt 0:00:07]} 30. Rxa6 {[%emt 0:00:22]} Qxe5 {[%emt 0:00:09]} 1/2-1/2